00611nam a22001937a 450000500170000000800410001702000180005804000210007604100080009708200160010510000320012124501040015325000170025726000340027430000100030865000430031870000260036170000300038720230123124531.0230123b ||||| |||| 00| 0 eng d a9789381784013 aIN-DiNCcIN-DiNC dasm a370.15bCHA aChaliha, Beda Kumareauthor aSnatak Mahalar Sikshar Manobigyanik Vitticby Beda Kumar Chaliha, Tarun Saikia and Runu Bora Saikia a13th rev ed. aJorhat:bBidya Bhawan,c2021. a437p. aPsychological Foundations of Education aSaikia, Taruneauthor aSaikia, Runu Boraeauthor